ბათუმის შოთა რუსთაველის სახელმწიფო უნივერსიტეტის ბიბლიოთეკა

ქართული კულტურის საკითხები.წიგნი მე–8.ენათმეცნიერების ინ–ტი, სქა.სსრ.მეცნ. აკად. (ბიბ.ჩანაწერი № 36626)

000 -LEADER
fixed length control field 00696nam a2200193Ia 4500
001 - CONTROL NUMBER
control field 2546
003 - CONTROL NUMBER IDENTIFIER
control field GE_BSU
008 - FIXED-LENGTH DATA ELEMENTS--GENERAL INFORMATION
fixed length control field 181216s||||||||xx |||||||||||||| ||und||
040 ## - CATALOGING SOURCE
Transcribing agency GE_BSU
080 ## - UNIVERSAL DECIMAL CLASSIFICATION NUMBER
Universal Decimal Classification number 801(479.22)
245 ## - TITLE STATEMENT
Title ქართული კულტურის საკითხები.წიგნი მე–8.ენათმეცნიერების ინ–ტი, სქა.სსრ.მეცნ. აკად.
260 ## - PUBLICATION, DISTRIBUTION, ETC.
Place of publication, distribution, etc. თბილისი
260 ## - PUBLICATION, DISTRIBUTION, ETC.
Name of publisher, distributor, etc. მეცნიერება
260 ## - PUBLICATION, DISTRIBUTION, ETC.
Date of publication, distribution, etc. 1988
300 ## - PHYSICAL DESCRIPTION
Extent 374 გვ.
653 ## - INDEX TERM--UNCONTROLLED
Uncontrolled term ქართული კულტურის საკითხები
942 ## - ADDED ENTRY ELEMENTS (KOHA)
Koha item type წიგნი
ეგზემპლარები
Withdrawn status Lost status Damaged status Not for loan Date acquired Barcode Date last seen Price effective from Koha item type
        2018-12-17 1359 2018-12-17 2018-12-17 წიგნი